Welcome to CU Library Online Public Access Catalogue (OPAC)

American Red Cross first aid : (Record no. 3362)

MARC details
000 -LEADER
fixed length control field 00839cam a22002534a 4500
001 - CONTROL NUMBER
control field 13852963
005 - DATE AND TIME OF LATEST TRANSACTION
control field 20250201190943.0
008 - FIXED-LENGTH DATA ELEMENTS--GENERAL INFORMATION
fixed length control field 050126s2005 paua b 001 0 eng
020 ## - INTERNATIONAL STANDARD BOOK NUMBER
International Standard Book Number 9781584804000 (pbk.)
020 ## - INTERNATIONAL STANDARD BOOK NUMBER
International Standard Book Number 9781584802495
050 00 - LIBRARY OF CONGRESS CALL NUMBER
Classification number RC86.7
Item number .A477 2005
082 00 - DEWEY DECIMAL CLASSIFICATION NUMBER
Classification number 616.02/52
Edition information 22
245 00 - TITLE STATEMENT
Title American Red Cross first aid :
Remainder of title responding to emergencies.
250 ## - EDITION STATEMENT
Edition statement 4th ed.
260 ## - PUBLICATION, DISTRIBUTION, ETC.
Place of publication, distribution, etc. Yardley, PA :
Name of publisher, distributor, etc. StayWell,
Date of publication, distribution, etc. c2005.
300 ## - PHYSICAL DESCRIPTION
Extent xxix, 497 p. :
Other physical details col. ill. ;
Dimensions 28 cm.
650 #0 - SUBJECT ADDED ENTRY--TOPICAL TERM
Topical term or geographic name entry element First aid in illness and injury.
650 #0 - SUBJECT ADDED ENTRY--TOPICAL TERM
Topical term or geographic name entry element Medical emergencies.
650 12 - SUBJECT ADDED ENTRY--TOPICAL TERM
Topical term or geographic name entry element Emergencies
Form subdivision Programmed Instruction.
650 12 - SUBJECT ADDED ENTRY--TOPICAL TERM
Topical term or geographic name entry element First Aid
Form subdivision Programmed Instruction.
710 2# - ADDED ENTRY--CORPORATE NAME
Corporate name or jurisdiction name as entry element American Red Cross.
856 41 - ELECTRONIC LOCATION AND ACCESS
Materials specified Table of contents
Uniform Resource Identifier <a href="http://www.loc.gov/catdir/toc/ecip057/2005002263.html">http://www.loc.gov/catdir/toc/ecip057/2005002263.html</a>
942 ## - ADDED ENTRY ELEMENTS (KOHA)
Source of classification or shelving scheme Library of Congress Classification
Koha item type Books
Edition 4th ed.
Suppress in OPAC No
999 ## -
-- 3362
-- 3362
Holdings
Withdrawn status Lost status Source of classification or shelving scheme Damaged status Not for loan Collection Home library Current library Shelving location Date acquired Total checkouts Full call number Barcode Date last seen Copy number Price effective from Koha item type
    Library of Congress Classification     Non-fiction Science Library (Miotso) Science Library (Miotso) General stacks 02/01/2025   RC86.7 .A477 AME SLM00002783 02/01/2025 1 02/01/2025 Books
© 2023-2024 Copyright: Central University Libraries. All Rights Reserved | Created by: Mahone Tech Office